Catalog

Record Details

Catalog Search



Indy cars  Cover Image Book Book

Indy cars / by Sean McCollum.

McCollum, Sean. (Author).

Summary:

"Describes how Indy cars evolved into the highly advanced cars they are today, as well as how teams prepare their cars for races and how races are run"--Provided by publisher.

Record details

  • ISBN: 9781429639422 (lib. bdg.)
  • ISBN: 1429639423 (lib. bdg.)
  • Physical Description: 32 pages : illustrations (chiefly color) ; 24 cm.
  • Publisher: Mankato, Minn. : Capstone Press, c2010.

Content descriptions

Bibliography, etc. Note:
Includes bibliographical references (p. 31) and index.
Formatted Contents Note:
Hard-charging Indy cars -- Indy cars through the years -- Marvels of modern design -- Indy cars on the track.
Subject: Indy cars > Juvenile literature.
Indy cars.

LDR 01323cam a2200313 a 4500
001133503
003CONS
00520140703073307.0
008090608s2010 mnua j b 001 0 eng
010 . ‡a 2009022147
020 . ‡a9781429639422 (lib. bdg.)
020 . ‡a1429639423 (lib. bdg.)
035 . ‡a(CPomAG)LMN505595
042 . ‡alcac
05000. ‡aTL236 ‡b.M3727 2010
08200. ‡a629.228 ‡222
1001 . ‡aMcCollum, Sean.
24510. ‡aIndy cars / ‡cby Sean McCollum.
260 . ‡aMankato, Minn. : ‡bCapstone Press, ‡cc2010.
300 . ‡a32 pages : ‡billustrations (chiefly color) ; ‡c24 cm.
4901 . ‡aEdge books. Full throttle
520 . ‡a"Describes how Indy cars evolved into the highly advanced cars they are today, as well as how teams prepare their cars for races and how races are run"--Provided by publisher.
504 . ‡aIncludes bibliographical references (p. 31) and index.
5050 . ‡aHard-charging Indy cars -- Indy cars through the years -- Marvels of modern design -- Indy cars on the track.
650 0. ‡aIndy cars ‡vJuvenile literature.
650 1. ‡aIndy cars.
830 0. ‡aEdge books. ‡pFull throttle.
959 . ‡i32269000881071 ‡lJ629.228 McC ‡aJuvenile - NonFiction ‡tJuv Nonfiction ‡g20.00
852 . ‡p32269000881071 ‡jJ629.228 McC ‡gJuvenile - NonFiction ‡cJuv Nonfiction ‡y20.00 ‡bSBPL
901 . ‡a133503 ‡bUnknown ‡c133503 ‡tbiblio

Additional Resources